Pandemická recesia ako "liek" proti zaostávaniu v digitalizácii

Verejnosť je zvyknutá vnímať ekonomické recesie ako katastrofy. Ekonómovia ich vnímajú pestrofarebnejšie. Otrasy v ekonomike pôsobia aj ako katalyzátor, napomáhajúci zmenám. Tá zatiaľ posledná dala (mimo iného) stimul k tomu, aby sa v ekonomike SR výraznejšie pohli procesy digitalizácie. Tie síce pr...

Description complète

Enregistré dans:
Détails bibliographiques
Auteur principal: Morvay, Karol, 1973-
Autres auteurs: Hudcovský, Martin, 1988-
Format: Chapitre de livre
Langue:slovaque
Sujets:
Tags: Ajouter un tag
Pas de tags, Soyez le premier à ajouter un tag!

MARC

LEADER 00000naa a2200000 4500
001 0289790
005 20240502074437.4
041 0 |a slo 
044 |a SK 
245 1 0 |a Pandemická recesia ako "liek" proti zaostávaniu v digitalizácii  |c Karol Morvay, Martin Hudcovský 
520 |a Verejnosť je zvyknutá vnímať ekonomické recesie ako katastrofy. Ekonómovia ich vnímajú pestrofarebnejšie. Otrasy v ekonomike pôsobia aj ako katalyzátor, napomáhajúci zmenám. Tá zatiaľ posledná dala (mimo iného) stimul k tomu, aby sa v ekonomike SR výraznejšie pohli procesy digitalizácie. Tie síce prebiehali aj pred pandémiou, ale v niektorých oblastiach prebiehali tak trochu platonicky. 
610 2 0 |a digitalizácia 
610 2 0 |a cykly hospodárske 
610 2 0 |a recesia 
610 2 0 |a investície 
610 2 0 |a inovácie technologické 
610 2 0 |a pandémia 
610 2 0 |a koronavírus 
100 1 |a Morvay, Karol, 1973- 
700 1 |a Hudcovský, Martin, 1988-